| 000 | 00403nam a22001697a 4500 | ||
|---|---|---|---|
| 005 | 20171129131127.0 | ||
| 008 | 171129b xxu||||| |||| 00| 0 eng d | ||
| 020 | _a81-85971-57-9 | ||
| 041 | _aeng | ||
| 082 | _a635 | ||
| 100 |
_aBOSE, T.K. AND OTHERS _93994 |
||
| 245 |
_aVEGETABLE CROPS (VOL-3) _cT.K. BOSE |
||
| 250 | _a3RD REV ED. | ||
| 260 |
_aINDIA _bNAYA UDYOG |
||
| 300 | _a520p. | ||
| 942 | _cBK | ||
| 999 |
_c5642 _d5640 |
||